[Event "GER-ch Net blitz qual4"]
[Site "Playchess.com INT"]
[Date "2021.05.10"]
[Round "6"]
[White "Haus, Volker"]
[Black "Wilhelm, Rostislav Paul"]
[Result "1-0"]
[WhiteElo "1892"]
[BlackElo "1710"]
[PlyCount "65"]
[EventDate "2021.05.10"]
[EventType "swiss (blitz)"]
[EventRounds "11"]
[EventCountry "GER"]
[SourceTitle "CBM 202 Extra"]
[Source "ChessBase"]
[SourceDate "2021.07.31"]
[SourceVersion "1"]
[SourceVersionDate "2021.07.31"]
[SourceQuality "1"]

1. d4 e6 2. c4 b6 3. Nc3 Bb7 4. e4 Bb4 5. Bd3 f5 6. Qe2 Nc6 7. Be3 Nf6 8. d5 Ne5 9. exf5 exd5 10. 0-0-0 dxc4 11. Bxc4 Nxc4 12. Qxc4 Bxc3 13. Qxc3 Bxg2 14. Ne2 Bxh1 15. Rxh1 0-0 16. Rg1 c5 17. Bg5 d5 18. Qh3 Qe8 19. Nf4 Qf7 20. Ne6 Rfe8 21. Bxf6 Qxf6 22. Rxg7+ Qxg7 23. Nxg7 Kxg7 24. Qg4+ Kh8 25. f6 Rg8 26. Qf5 Rad8 27. h4 h6 28. a3 d4 29. f7 Rgf8 30. Qf6+ Kh7 31. h5 d3 32. Qg6+ Kh8 33. Qxh6# 1-0

[Event "GER-ch Net blitz qual4"]
[Site "Playchess.com INT"]
[Date "2021.05.10"]
[Round "5"]
[White "Kolb, Tobias"]
[Black "Wilhelm, Rostislav Paul"]
[Result "1-0"]
[WhiteElo "1980"]
[BlackElo "1710"]
[PlyCount "91"]
[EventDate "2021.05.10"]
[EventType "swiss (blitz)"]
[EventRounds "11"]
[EventCountry "GER"]
[SourceTitle "CBM 202 Extra"]
[Source "ChessBase"]
[SourceDate "2021.07.31"]
[SourceVersion "1"]
[SourceVersionDate "2021.07.31"]
[SourceQuality "1"]

1. d4 e6 2. c4 b6 3. Nc3 Bb7 4. e4 Bb4 5. Bd3 f5 6. f3 Nh6 7. Bxh6 Qh4+ 8. g3 Qxh6 9. Qd2 Qxd2+ 10. Kxd2 Nc6 11. Nge2 g6 12. g4 fxg4 13. fxg4 0-0-0 14. Rhf1 Rdf8 15. a3 Be7 16. Kc2 Bg5 17. Na2 Be3 18. Kc3 e5 19. d5 Nd4 20. Nxd4 Bxd4+ 21. Kc2 Kd8 22. Nc3 Ke7 23. Nb5 c6 24. Nxd4 exd4 25. Rae1 c5 26. e5 Rxf1 27. Rxf1 Rf8 28. Rxf8 Kxf8 29. g5 Kg7 30. h4 Kf7 31. b4 Ke7 32. Kb3 d6 33. e6 a6 34. bxc5 dxc5 35. Kc2 Kd6 36. Kd2 Bc8 37. a4 Ke5 38. h5 gxh5 39. Bxh7 h4 40. Kd3 h3 41. Be4 h2 42. Bg2 Kf4 43. g6 Kg3 44. Be4 Kf2 45. g7 Kg1 46. g8Q+ 1-0

[Event "GER-ch Net blitz qual3"]
[Site "Playchess.com INT"]
[Date "2021.05.07"]
[Round "9"]
[White "Krumschmidt, Michael"]
[Black "Wilhelm, Rostislav Paul"]
[Result "0-1"]
[WhiteElo "1452"]
[BlackElo "1685"]
[PlyCount "44"]
[EventDate "2021.05.07"]
[EventType "swiss (blitz)"]
[EventRounds "11"]
[EventCountry "GER"]
[SourceTitle "CBM 202 Extra"]
[Source "ChessBase"]
[SourceDate "2021.07.31"]
[SourceVersion "1"]
[SourceVersionDate "2021.07.31"]
[SourceQuality "1"]

1. d4 e6 2. c4 b6 3. Nc3 Bb7 4. e4 Bb4 5. f3 f5 6. Bd3 Nh6 7. Bxh6 Qh4+ 8. g3 Qxh6 9. Nge2 0-0 10. 0-0 Nc6 11. d5 Ne5 12. Kg2 Rf6 13. Nf4 g5 14. Nfe2 f4 15. dxe6 dxe6 16. Rc1 Bc5 17. Nb5 Rd8 18. Rc3 Rdf8 19. Nxc7 fxg3 20. Nxg3 Nxf3 21. Rxf3 Rxf3 22. Be2 Rf2+ 0-1

[Event "GER-ch Net blitz qual3"]
[Site "Playchess.com INT"]
[Date "2021.05.07"]
[Round "7"]
[White "Sautter, Joachim"]
[Black "Wilhelm, Rostislav Paul"]
[Result "0-1"]
[WhiteElo "1485"]
[BlackElo "1685"]
[PlyCount "64"]
[EventDate "2021.05.07"]
[EventType "swiss (blitz)"]
[EventRounds "11"]
[EventCountry "GER"]
[SourceTitle "CBM 202 Extra"]
[Source "ChessBase"]
[SourceDate "2021.07.31"]
[SourceVersion "1"]
[SourceVersionDate "2021.07.31"]
[SourceQuality "1"]

1. e4 c6 2. Nf3 d5 3. exd5 cxd5 4. d4 Nc6 5. c3 Bf5 6. Bd3 Bxd3 7. Qxd3 e6 8. Bf4 Bd6 9. Bxd6 Qxd6 10. Nbd2 Nf6 11. 0-0 0-0 12. Rfe1 a6 13. Ne5 b5 14. Nxc6 Qxc6 15. Nf3 Ne4 16. Nd2 f5 17. f3 Ng5 18. Qe3 f4 19. Qe5 Rf5 20. Qe2 Re8 21. Nb3 Nf7 22. Nc5 e5 23. Rac1 Kf8 24. Qd3 g6 25. Nb3 e4 26. fxe4 dxe4 27. Qh3 Kg7 28. Nc5 f3 29. gxf3 exf3 30. Rxe8 Qxe8 31. Qf1 Qe3+ 32. Qf2 Qxc1+ 0-1

[Event "GER-ch Net blitz qual3"]
[Site "Playchess.com INT"]
[Date "2021.05.07"]
[Round "4"]
[White "Wilhelm, Rostislav Paul"]
[Black "Sauer, Marko"]
[Result "0-1"]
[WhiteElo "1685"]
[BlackElo "1877"]
[PlyCount "122"]
[EventDate "2021.05.07"]
[EventType "swiss (blitz)"]
[EventRounds "11"]
[EventCountry "GER"]
[SourceTitle "CBM 202 Extra"]
[Source "ChessBase"]
[SourceDate "2021.07.31"]
[SourceVersion "1"]
[SourceVersionDate "2021.07.31"]
[SourceQuality "1"]

1. e4 c5 2. Nc3 e6 3. d4 cxd4 4. Qxd4 Nc6 5. Qd2 Nf6 6. b3 Bb4 7. f3 d5 8. a3 Bxc3 9. Qxc3 dxe4 10. Bg5 exf3 11. Nxf3 Qa5 12. b4 Qd8 13. Rd1 Qe7 14. Bb5 Bd7 15. 0-0 a6 16. Ba4 Rc8 17. Ne5 Nxe5 18. Qxc8+ Qd8 19. Qxd8+ Kxd8 20. Bxf6+ gxf6 21. Bxd7 Nxd7 22. Rxf6 Ke7 23. Rf3 Rc8 24. c3 Ne5 25. Re3 Nc4 26. Red3 Rc7 27. Rb1 Nxa3 28. Rb3 Nc4 29. b5 a5 30. Kf2 b6 31. Ke2 f5 32. Rh3 Kf6 33. Kd3 Ne5+ 34. Kd4 Rc4+ 35. Ke3 Kg6 36. Kd2 h5 37. Rb1 Rc5 38. Re3 Nc4+ 39. Kd3 Nxe3 40. Kxe3 Rxc3+ 41. Kd4 Rc2 42. Re1 Kf6 43. Rg1 e5+ 44. Kd5 Rc5+ 45. Kd6 Rxb5 46. Kc6 Rb2 47. h3 f4 48. g4 hxg4 49. hxg4 e4 50. g5+ Kg6 51. Rg4 Rf2 52. Kxb6 a4 53. Kb5 a3 54. Rg1 a2 55. Kb4 Rb2+ 56. Ka3 Rb1 57. Rxb1 axb1Q 58. Ka4 e3 59. Ka5 e2 60. Ka6 e1Q 61. Ka7 Qa5# 0-1

[Event "GER-ch Net blitz qual3"]
[Site "Playchess.com INT"]
[Date "2021.05.07"]
[Round "10"]
[White "Wilhelm, Rostislav Paul"]
[Black "Susallek, Markus"]
[Result "1-0"]
[WhiteElo "1685"]
[BlackElo "1900"]
[PlyCount "49"]
[EventDate "2021.05.07"]
[EventType "swiss (blitz)"]
[EventRounds "11"]
[EventCountry "GER"]
[SourceTitle "CBM 202 Extra"]
[Source "ChessBase"]
[SourceDate "2021.07.31"]
[SourceVersion "1"]
[SourceVersionDate "2021.07.31"]
[SourceQuality "1"]

1. e4 c5 2. Nc3 e6 3. d4 cxd4 4. Qxd4 a6 5. a3 Nc6 6. Qd2 Nf6 7. f4 d6 8. Nf3 Qc7 9. Bc4 Be7 10. 0-0 0-0 11. b4 Nxb4 12. Bxe6 fxe6 13. axb4 b6 14. Bb2 Bb7 15. e5 Nd5 16. Ne4 dxe5 17. Bxe5 Qc6 18. Neg5 Bxb4 19. Qd3 g6 20. Nd4 Bc5 21. Kh1 Nb4 22. Qh3 h5 23. Nxc6 Bxc6 24. c3 Nd5 25. Qxe6+ 1-0

[Event "GER-ch Net blitz qual2"]
[Site "Playchess.com INT"]
[Date "2021.05.04"]
[Round "5"]
[White "Schmidt, Sandra"]
[Black "Wilhelm, Rostislav Paul"]
[Result "0-1"]
[WhiteElo "1423"]
[BlackElo "1659"]
[PlyCount "60"]
[EventDate "2021.05.04"]
[EventType "swiss (blitz)"]
[EventRounds "11"]
[EventCountry "GER"]
[SourceTitle "CBM 202 Extra"]
[Source "ChessBase"]
[SourceDate "2021.07.31"]
[SourceVersion "1"]
[SourceVersionDate "2021.07.31"]
[SourceQuality "1"]

1. d4 e6 2. c4 b6 3. Nc3 Bb7 4. Nf3 Bb4 5. a3 Bxc3+ 6. bxc3 f5 7. e3 Nf6 8. Be2 0-0 9. 0-0 Ne4 10. Qc2 d5 11. cxd5 exd5 12. Nd2 Nd7 13. Nxe4 fxe4 14. a4 Rc8 15. f3 c5 16. fxe4 dxe4 17. a5 Nf6 18. axb6 axb6 19. Ra7 Ba8 20. Ba3 Rc7 21. Rxc7 Qxc7 22. Qb3+ Bd5 23. Bc4 Qd6 24. Bxd5+ Nxd5 25. Rxf8+ Kxf8 26. c4 Nf6 27. Qd1 Kf7 28. Qf1 Qc6 29. d5 Qa4 30. Bb2 Ke7 0-1

[Event "GER-ch Net blitz qual2"]
[Site "Playchess.com INT"]
[Date "2021.05.04"]
[Round "4"]
[White "Wilhelm, Rostislav Paul"]
[Black "Schnur, Edmund"]
[Result "0-1"]
[WhiteElo "1659"]
[BlackElo "1951"]
[PlyCount "101"]
[EventDate "2021.05.04"]
[EventType "swiss (blitz)"]
[EventRounds "11"]
[EventCountry "GER"]
[SourceTitle "CBM 202 Extra"]
[Source "ChessBase"]
[SourceDate "2021.07.31"]
[SourceVersion "1"]
[SourceVersionDate "2021.07.31"]
[SourceQuality "1"]

1. e4 Nf6 2. e5 Nd5 3. c4 Nb6 4. d4 d6 5. f4 dxe5 6. fxe5 Nc6 7. Nf3 Bg4 8. Be2 e6 9. Be3 Bb4+ 10. Nc3 Na5 11. 0-0 Naxc4 12. Bxc4 Nxc4 13. Qa4+ Qd7 14. Qxb4 Nxe3 15. Rfe1 Nc2 16. Qxb7 0-0 17. Qe4 Nxa1 18. Qxg4 Nc2 19. Re4 f5 20. exf6 Rxf6 21. Ng5 Raf8 22. h3 Qd6 23. Nf3 Rg6 24. Qh5 Qg3 25. Rg4 Rxg4 26. Qxg4 Qxg4 27. hxg4 Rd8 28. Nb5 Rd7 29. Nxa7 Nxd4 30. Nxd4 Rxd4 31. Nb5 Rd1+ 32. Kh2 c6 33. Nc7 Rd2 34. Nxe6 Rxb2 35. a4 Rb4 36. a5 Ra4 37. Nd8 c5 38. Nc6 c4 39. Nd4 Rxa5 40. Kg3 Rd5 41. Nc2 Rd2 42. Nb4 c3 43. Kf3 c2 44. Nxc2 Rxc2 45. Ke3 g5 46. g3 Kg7 47. Kf3 Kg6 48. Ke4 Rc4+ 49. Ke5 Rxg4 50. Kd5 Rxg3 51. Ke4 0-1

[Event "GER-ch Net blitz qual1"]
[Site "Playchess.com INT"]
[Date "2021.04.24"]
[Round "5"]
[White "Atar, Efecan"]
[Black "Wilhelm, Rostislav Paul"]
[Result "0-1"]
[WhiteElo "1403"]
[BlackElo "1620"]
[PlyCount "60"]
[EventDate "2021.04.24"]
[EventType "swiss (blitz)"]
[EventRounds "11"]
[EventCountry "GER"]
[SourceTitle "CBM 202 Extra"]
[Source "ChessBase"]
[SourceDate "2021.07.31"]
[SourceVersion "1"]
[SourceVersionDate "2021.07.31"]
[SourceQuality "1"]

1. c4 c5 2. Nf3 g6 3. Nc3 Bg7 4. g3 e6 5. Bg2 Nf6 6. 0-0 0-0 7. d3 Nc6 8. Bf4 d5 9. cxd5 exd5 10. Qd2 Re8 11. Bg5 Bf5 12. Ne1 Be6 13. Nc2 Qd7 14. Bh6 Bh8 15. Qf4 Bh3 16. Bg5 Bxg2 17. Kxg2 Nh5 18. Qh4 d4 19. Ne4 f5 20. Nf6+ Nxf6 21. Bxf6 Rxe2 22. Bxh8 Kxh8 23. Qf6+ Kg8 24. Rfe1 Rae8 25. Rxe2 Rxe2 26. Na3 Ne5 27. Rc1 Ng4 28. Qg5 Rxf2+ 29. Kg1 Qd5 30. Qxg4 Qg2# 0-1

[Event "DSOL 03 Liga Gr-C 1st"]
[Site "Playchess.com INT"]
[Date "2020.08.10"]
[Round "2.4"]
[White "Abed, Karim"]
[Black "Wilhelm, Rostislav Paul"]
[Result "1-0"]
[WhiteElo "1690"]
[BlackElo "1667"]
[PlyCount "65"]
[EventDate "2020.06.22"]
[EventType "team-tourn (rapid)"]
[EventCountry "GER"]
[SourceTitle "EXT 2021"]
[Source "ChessBase"]
[SourceDate "2020.10.23"]
[SourceVersion "1"]
[SourceVersionDate "2020.10.23"]
[SourceQuality "1"]
[WhiteTeam "Koenigsjaeger Sued West"]
[BlackTeam "Aachen"]
[WhiteTeamCountry "GER"]
[BlackTeamCountry "GER"]

1. d4 Nf6 2. c4 d6 3. Nf3 g6 4. Nc3 Bg7 5. e4 0-0 6. Be2 Nbd7 7. 0-0 e5 8. d5 Nc5 9. Qc2 a5 10. Be3 Nfd7 11. h3 f5 12. exf5 gxf5 13. Bg5 Nf6 14. Nd2 c6 15. Nb3 Nce4 16. Nxe4 fxe4 17. dxc6 bxc6 18. Rad1 d5 19. cxd5 cxd5 20. Rxd5 Qe8 21. Rxa5 Rxa5 22. Nxa5 Qg6 23. h4 h6 24. Nc6 Re8 25. Ne7+ Rxe7 26. Qxc8+ Kh7 27. Be3 Nh5 28. Bxh5 Qxh5 29. b4 Qxh4 30. b5 Bf6 31. b6 Rg7 32. b7 Qg5 33. Bxg5 1-0

[Event "DSOL 03 Liga Gr-C 1st"]
[Site "Playchess.com INT"]
[Date "2020.07.06"]
[Round "3.4"]
[White "Wilhelm, Rostislav Paul"]
[Black "Solberg, Kirsten"]
[Result "1-0"]
[WhiteElo "1667"]
[BlackElo "1849"]
[PlyCount "81"]
[EventDate "2020.06.22"]
[EventType "team-tourn (rapid)"]
[EventCountry "GER"]
[SourceTitle "EXT 2021"]
[Source "ChessBase"]
[SourceDate "2020.10.23"]
[SourceVersion "1"]
[SourceVersionDate "2020.10.23"]
[SourceQuality "1"]
[WhiteTeam "Aachen"]
[BlackTeam "Unna SV"]
[WhiteTeamCountry "GER"]
[BlackTeamCountry "GER"]

1. e4 c5 2. Nf3 d6 3. d4 cxd4 4. Nxd4 Nf6 5. Nc3 Nc6 6. Nb3 g6 7. f3 Bg7 8. Be3 a6 9. Qd2 0-0 10. g4 Nd7 11. h4 Nce5 12. Qg2 Nb6 13. 0-0-0 Nbc4 14. Bd4 b5 15. h5 gxh5 16. gxh5 Kh8 17. h6 Bf6 18. f4 Rg8 19. Qh2 Ng4 20. Qh5 Bxd4 21. Rxd4 e5 22. fxe5 Ncxe5 23. Be2 Qf6 24. Nd5 Qf2 25. Bd1 Be6 26. Ne7 Qe3+ 27. Kb1 Bxb3 28. Nf5 Bxc2+ 29. Bxc2 Qf2 30. Rxd6 Rac8 31. Bb3 Rg6 32. Rhd1 Qg2 33. Rd8+ Rg8 34. Rxg8+ Rxg8 35. Nd6 Qe2 36. Nxf7+ Nxf7 37. Qxf7 Nxh6 38. Qf6+ Rg7 39. Qxh6 Qxe4+ 40. Bc2 Qe7 41. Qxa6 1-0

[Event "Mittelrhein Verbandsliga-W 17/18"]
[Site "Nordrheinwestfalen"]
[Date "2018.01.14"]
[Round "6.7"]
[White "Wilhelm, Rostislav Paul"]
[Black "Struck, Bernd Dieter"]
[Result "1/2-1/2"]
[WhiteElo "1672"]
[BlackElo "1912"]
[PlyCount "44"]
[EventDate "2017.09.10"]
[EventType "team-tourn"]
[EventRounds "11"]
[EventCountry "GER"]
[SourceTitle "EXT 2022"]
[Source "ChessBase"]
[SourceDate "2021.10.06"]
[SourceVersion "1"]
[SourceVersionDate "2021.10.06"]
[SourceQuality "1"]
[WhiteTeam "Aachen SV III"]
[BlackTeam "Eschweiler SC"]
[WhiteTeamCountry "GER"]
[BlackTeamCountry "GER"]

1. d4 d5 2. c4 dxc4 3. Nc3 a6 4. e3 b5 5. a4 b4 6. Ne4 e6 7. Bxc4 Bb7 8. Qf3 Qc8 9. Qf4 Nd7 10. Nf3 Ngf6 11. Nxf6+ Nxf6 12. Bd2 Bd6 13. Ne5 0-0 14. 0-0 Ne4 15. Rfd1 Bd5 16. Qg4 Nxd2 17. Rxd2 Bxe5 18. dxe5 Qb7 19. Bxd5 exd5 20. Rad1 c6 21. e4 Rfd8 22. exd5 Rxd5 1/2-1/2